MARC details
| 000 -LEADER |
| fixed length control field |
01754nas a22003497a 4500 |
| 005 - DATE AND TIME OF LATEST TRANSACTION |
| control field |
20250423163624.0 |
| 007 - PHYSICAL DESCRIPTION FIXED FIELD--GENERAL INFORMATION |
| fixed length control field |
cr |
| 008 - FIXED-LENGTH DATA ELEMENTS--GENERAL INFORMATION |
| fixed length control field |
250211c1923 fr |||p| |||| 00| 0 eng d |
| 022 ## - INTERNATIONAL STANDARD SERIAL NUMBER |
| International Standard Serial Number |
1252607X (impresa) |
| 022 ## - INTERNATIONAL STANDARD SERIAL NUMBER |
| International Standard Serial Number |
17761042 (en línea) |
| 040 ## - CATALOGING SOURCE |
| Transcribing agency |
AR-FvUNAJ |
| 245 10 - TITLE STATEMENT |
| Title |
Parasite / |
| Statement of responsibility, etc |
Société française de parasitologie |
| 260 ## - PUBLICATION, DISTRIBUTION, ETC. (IMPRINT) |
| Place of publication, distribution, etc |
Les Ulis (Francia) : |
| Name of publisher, distributor, etc |
EDP Sciences, |
| Date of publication, distribution, etc |
1923 - |
| 300 ## - PHYSICAL DESCRIPTION |
| Extent |
Impresa y digital |
| 362 ## - DATES OF PUBLICATION AND/OR SEQUENTIAL DESIGNATION |
| Dates of publication and/or sequential designation |
Vol. 1, No. 1 (1923) - |
| 500 ## - GENERAL NOTE |
| General note |
Los articulos son publicados en inglés. |
| 650 27 - SUBJECT ADDED ENTRY--TOPICAL TERM |
| Source of heading or term |
decs |
| 9 (RLIN) |
2074 |
| Topical term or geographic name as entry element |
PARASITOLOGIA |
| 650 27 - SUBJECT ADDED ENTRY--TOPICAL TERM |
| Source of heading or term |
decs |
| 9 (RLIN) |
21119 |
| Topical term or geographic name as entry element |
HELMINTOS |
| 650 27 - SUBJECT ADDED ENTRY--TOPICAL TERM |
| Source of heading or term |
decs |
| 9 (RLIN) |
4906 |
| Topical term or geographic name as entry element |
MEDICINA |
| 650 27 - SUBJECT ADDED ENTRY--TOPICAL TERM |
| Source of heading or term |
decs |
| 9 (RLIN) |
6394 |
| Topical term or geographic name as entry element |
MEDICINA VETERINARIA |
| 650 27 - SUBJECT ADDED ENTRY--TOPICAL TERM |
| Source of heading or term |
decs |
| 9 (RLIN) |
21121 |
| Topical term or geographic name as entry element |
ENTOMOLOGÍA |
| 650 27 - SUBJECT ADDED ENTRY--TOPICAL TERM |
| Source of heading or term |
decs |
| 9 (RLIN) |
8899 |
| Topical term or geographic name as entry element |
INVESTIGACIÓN BIOMÉDICA |
| 650 27 - SUBJECT ADDED ENTRY--TOPICAL TERM |
| Source of heading or term |
decs |
| 9 (RLIN) |
150 |
| Topical term or geographic name as entry element |
EPIDEMIOLOGIA |
| 710 1# - ADDED ENTRY--CORPORATE NAME |
| 9 (RLIN) |
21184 |
| Corporate name or jurisdiction name as entry element |
Société française de parasitologie |
| 856 41 - ELECTRONIC LOCATION AND ACCESS |
| Uniform Resource Identifier |
<a href="https://www.parasite-journal.org/">https://www.parasite-journal.org/</a> |
| 856 41 - ELECTRONIC LOCATION AND ACCESS |
| Uniform Resource Identifier |
<a href="https://www.parasite-journal.org/articles/parasite/pdf/1996/01/parasite1996031p33.pdf">https://www.parasite-journal.org/articles/parasite/pdf/1996/01/parasite1996031p33.pdf</a> |
| Public note |
ADDITIONAL OBSERVATIONS ON THE DEVELOPMENT AND TRANSMISSION OF truttaedactnitis PYBUSAE ANDERSON, 1992 (SEURATOIDEA: CUCULLANIDAE) OF THE BROOK LAMPREY, LAMPETRA APPENDIX (DEKAY, 1842) |
| 856 41 - ELECTRONIC LOCATION AND ACCESS |
| Uniform Resource Identifier |
<a href="https://www.parasite-journal.org/articles/parasite/pdf/1996/04/parasite1996034p367.pdf">https://www.parasite-journal.org/articles/parasite/pdf/1996/04/parasite1996034p367.pdf</a> |
| Public note |
MORPHOGENESIS OF CONTRACAECUM RUDOLPHII<br/>(NEMATODA: ASCARIDOIDEA), A PARASITE OF FISH-EATING BIRDS,<br/>IN ITS COPEPOD PRECURSOR AND FISH INTERMEDIATE HOSTS |
| 856 41 - ELECTRONIC LOCATION AND ACCESS |
| Uniform Resource Identifier |
<a href="https://www.parasite-journal.org/articles/parasite/pdf/1939/01/parasite1939-1940171p21.pdf">https://www.parasite-journal.org/articles/parasite/pdf/1939/01/parasite1939-1940171p21.pdf</a> |
| Public note |
Notes sur quelques nématodes de l’Indochine française |
| 869 ## - Existencias |
| Año |
---- |
| 942 ## - ADDED ENTRY ELEMENTS (KOHA) |
| Source of classification or shelving scheme |
Dewey Decimal Classification |
| Item type |
Revista electrónica |
| 980 ## - EQUIVALENCE OR CROSS-REFERENCE-SERIES STATEMENT--PERSONAL NAME/TITLE [LOCAL, CANADA] |
| Linkage |
19227 |
| Personal name |
Leticia Ana Abalos |
| Field link and sequence number |
19227 |
| Miscellaneous information |
Leticia Ana Abalos |